[Event "Poznan op-A"]
[Site "Poznan"]
[Date "2003.07.10"]
[Round "5"]
[White "Lubczynski, Rafal"]
[Black "Czuchnicki, Jan"]
[Result "0-1"]
[WhiteElo "2084"]
[BlackElo "2004"]
[PlyCount "68"]
[EventDate "2003.07.07"]
[EventType "swiss"]
[EventRounds "9"]
[EventCountry "POL"]
[SourceTitle "CBM 095 Extra"]
[Source "ChessBase"]
[SourceDate "2003.09.04"]
[SourceVersion "1"]
[SourceVersionDate "2003.09.04"]
[SourceQuality "1"]

1. d4 Nf6 2. c4 g6 3. Nc3 Bg7 4. e4 0-0 5. Bg5 h6 6. Be3 Kh7 7. Qd2 d6 8. f3 Nc6 9. Nge2 a6 10. g4 Nd7 11. h4 Rb8 12. 0-0-0 b5 13. Ng3 e5 14. h5 g5 15. d5 Nd4 16. Bxd4 exd4 17. Nce2 d3 18. Qxd3 Bxb2+ 19. Kc2 Ne5 20. Qb3 Nxc4 21. Nd4 Bd7 22. Bxc4 bxc4 23. Qxc4 Qf6 24. Ngf5 Rb6 25. Rb1 Rfb8 26. Nb3 Rb4 27. Qd3 Bb5 28. Qe3 Rc4+ 29. Kd2 Be5 30. Qa7 Bf4+ 31. Ke1 Qc3+ 32. Kf2 Qc2+ 33. Nd2 Qxd2+ 34. Kg1 Rc2 0-1

[Event "Poznan op-A"]
[Site "Poznan"]
[Date "2003.07.09"]
[Round "4"]
[White "Czuchnicki, Jan"]
[Black "Dziadykiewcz, Tadeusz"]
[Result "1/2-1/2"]
[WhiteElo "2004"]
[BlackElo "2041"]
[PlyCount "67"]
[EventDate "2003.07.07"]
[EventType "swiss"]
[EventRounds "9"]
[EventCountry "POL"]
[SourceTitle "CBM 095 Extra"]
[Source "ChessBase"]
[SourceDate "2003.09.04"]
[SourceVersion "1"]
[SourceVersionDate "2003.09.04"]
[SourceQuality "1"]

1. d4 c5 2. d5 e5 3. c4 d6 4. Nc3 Be7 5. g3 f5 6. Bg2 Nf6 7. e3 0-0 8. Nf3 e4 9. Ng5 Ng4 10. Ne6 Bxe6 11. dxe6 Ne5 12. b3 Nd3+ 13. Kf1 Bf6 14. Nd5 Nc6 15. Rb1 Re8 16. g4 Bh4 17. gxf5 Qg5 18. Bxe4 Nxf2 19. Qf3 Nxh1 20. Qxh1 Ne5 21. Bb2 g6 22. Bxe5 dxe5 23. Ke2 Qh5+ 24. Qf3 Qxf3+ 25. Kxf3 gxf5 26. Bxf5 Rad8 27. Ke4 Be7 28. h3 Kg7 29. Rg1+ Kh6 30. Rg4 b6 31. Kxe5 Bd6+ 32. Ke4 Rf8 33. Rg2 Rg8 34. Bg4 1/2-1/2

[Event "Poznan op-A"]
[Site "Poznan"]
[Date "2003.07.08"]
[Round "2"]
[White "Czuchnicki, Jan"]
[Black "Stachowiak, Slawomir"]
[Result "1/2-1/2"]
[WhiteElo "2004"]
[BlackElo "2124"]
[PlyCount "102"]
[EventDate "2003.07.07"]
[EventType "swiss"]
[EventRounds "9"]
[EventCountry "POL"]
[SourceTitle "CBM 095 Extra"]
[Source "ChessBase"]
[SourceDate "2003.09.04"]
[SourceVersion "1"]
[SourceVersionDate "2003.09.04"]
[SourceQuality "1"]

1. d4 d5 2. c4 e6 3. Nf3 Nf6 4. g3 Nbd7 5. Bg2 c6 6. Qc2 Bd6 7. 0-0 0-0 8. Rd1 Re8 9. Nc3 Qe7 10. e4 dxe4 11. Ng5 h6 12. Ngxe4 Nxe4 13. Nxe4 Bb8 14. b3 Nf6 15. Bb2 e5 16. Nxf6+ Qxf6 17. Re1 Bd7 18. Rad1 exd4 19. Rxe8+ Bxe8 20. Qe4 Qe5 21. Bxd4 Qxe4 22. Bxe4 Bc7 23. Be3 b6 24. b4 Rd8 25. Rxd8 Bxd8 26. a4 Bc7 27. Kf1 Kf8 28. Ke2 Ke7 29. Kd3 Ke6 30. b5 c5 31. Bd5+ Ke7 32. h3 Bd7 33. g4 h5 34. f3 Bg3 35. a5 Bd6 36. a6 f6 37. Be4 Bg3 38. Bg6 hxg4 39. hxg4 Kd6 40. Be4 Bc8 41. Bd5 Bd7 42. Ke4 g5 43. Bd2 Be5 44. Bf7 Bc8 45. Bg6 Be6 46. Kd3 Bg8 47. Bf5 Bf4 48. Bc3 Be5 49. Be1 Bf7 50. Bh7 Be6 51. Bg6 Bg8 1/2-1/2

[Event "Rowy Seniors op 7th"]
[Site "Rowy"]
[Date "2003.03.17"]
[Round "8"]
[White "Czuchnicki, Jan"]
[Black "Szczepaniec, Stanislaw"]
[Result "0-1"]
[WhiteElo "2004"]
[BlackElo "2085"]
[PlyCount "84"]
[EventDate "2003.08.??"]
[EventType "swiss"]
[EventRounds "9"]
[EventCountry "POL"]
[SourceTitle "EXT 2006"]
[Source "ChessBase"]
[SourceDate "2005.11.24"]
[SourceVersion "1"]
[SourceVersionDate "2005.11.24"]
[SourceQuality "1"]

1. g3 c5 2. c4 Nc6 3. Bg2 g6 4. Nc3 Nf6 5. Nf3 d5 6. cxd5 Nxd5 7. 0-0 Bg7 8. Qb3 Nb6 9. d3 0-0 10. Ne4 Be6 11. Qd1 c4 12. Nc5 Bc8 13. Rb1 Qd5 14. Be3 cxd3 15. Nxd3 Qa5 16. Rc1 Nd5 17. Bd2 Qxa2 18. Qc2 Nb6 19. Bc3 Bxc3 20. Qxc3 Bf5 21. Nfe1 Rac8 22. e4 Be6 23. Qd2 Nc4 24. Qh6 Nd4 25. Rd1 Bg4 26. f3 Qb3 27. Ra1 Be6 28. Rf2 a5 29. h4 Nd6 30. h5 b6 31. Nf4 Qe3 32. Ned3 Ne2+ 33. Kh2 Nxf4 34. Nxf4 Qxf2 35. Nxe6 Qxb2 36. Rb1 Qe5 37. hxg6 hxg6 38. Nxf8 Rxf8 39. Rxb6 Qc5 40. Ra6 Qb5 41. Ra7 e6 42. g4 Qb8 0-1

[Event "Lasker Memorial op-B"]
[Site "Barlinek"]
[Date "2001.??.??"]
[Round "5"]
[White "Czuchnicki, Jan"]
[Black "Gavrilenko, Aleksander"]
[Result "0-1"]
[WhiteElo "2055"]
[BlackElo "2120"]
[PlyCount "42"]
[EventDate "2001.07.19"]
[EventType "swiss"]
[EventRounds "10"]
[EventCountry "POL"]
[SourceTitle "EXT 2003"]
[Source "ChessBase"]
[SourceDate "2002.11.25"]
[SourceVersion "1"]
[SourceVersionDate "2002.11.25"]
[SourceQuality "1"]

1. d4 d5 2. c4 Nc6 3. Nc3 dxc4 4. e3 e5 5. d5 Na5 6. Nf3 Bd6 7. Nd2 Nf6 8. Nxc4 Nxc4 9. Bxc4 a6 10. a4 0-0 11. 0-0 e4 12. f4 exf3 13. gxf3 Bh3 14. Rf2 Re8 15. Kh1 Bc5 16. Re2 Nd7 17. Ne4 Rxe4 18. fxe4 Qh4 19. Bd3 Bg4 20. Qe1 Bf3+ 21. Kg1 Qg4+ 0-1

[Event "Lasker Memorial op-B"]
[Site "Barlinek"]
[Date "2001.??.??"]
[Round "7"]
[White "Mednikova, Svetlana"]
[Black "Czuchnicki, Jan"]
[Result "1-0"]
[WhiteElo "2155"]
[BlackElo "2055"]
[PlyCount "53"]
[EventDate "2001.07.19"]
[EventType "swiss"]
[EventRounds "10"]
[EventCountry "POL"]
[SourceTitle "EXT 2003"]
[Source "ChessBase"]
[SourceDate "2002.11.25"]
[SourceVersion "1"]
[SourceVersionDate "2002.11.25"]
[SourceQuality "1"]

1. f4 g6 2. Nf3 Bg7 3. e4 e6 4. d4 c5 5. Nc3 cxd4 6. Nxd4 a6 7. Be3 Ne7 8. Be2 Nbc6 9. 0-0 0-0 10. Bf3 Qc7 11. e5 Nxd4 12. Qxd4 d5 13. Qc5 Qd7 14. a4 Nf5 15. Bf2 h5 16. a5 Qc6 17. Na4 Bd7 18. Nb6 Rad8 19. c4 Nh4 20. Be2 Qxc5 21. Bxc5 Rfe8 22. cxd5 exd5 23. g3 Nf5 24. Nxd5 Rc8 25. b4 Bc6 26. Bf3 Rcd8 27. Nc7 1-0

[Event "Lasker Memorial op-B"]
[Site "Barlinek"]
[Date "2001.??.??"]
[Round "2"]
[White "Shushvar, Vitaly"]
[Black "Czuchnicki, Jan"]
[Result "1-0"]
[WhiteElo "2195"]
[BlackElo "2055"]
[PlyCount "37"]
[EventDate "2001.07.19"]
[EventType "swiss"]
[EventRounds "10"]
[EventCountry "POL"]
[SourceTitle "EXT 2003"]
[Source "ChessBase"]
[SourceDate "2002.11.25"]
[SourceVersion "1"]
[SourceVersionDate "2002.11.25"]
[SourceQuality "1"]

1. e4 c5 2. Nf3 d6 3. d4 cxd4 4. Nxd4 Nf6 5. Nc3 a6 6. Bg5 e6 7. f4 Qb6 8. Qd2 Qxb2 9. Rb1 Qa3 10. e5 dxe5 11. fxe5 Nfd7 12. Ne4 Be7 13. Bxe7 Qxe7 14. Nd6+ Kd8 15. Qc3 Nc6 16. Nxc6+ bxc6 17. Qa5+ Nb6 18. Qxb6+ Kd7 19. Rd1 1-0